The big book of team motivating games : (Record no. 35269)

MARC details
000 -LEADER
fixed length control field 01354cam a2200301 a 4500
005 - DATE AND TIME OF LATEST TRANSACTION
control field 20100126144741.0
008 - FIXED-LENGTH DATA ELEMENTS--GENERAL INFORMATION
fixed length control field 090706s2010 nyua 000 0 eng
010 ## - LCCN (DPL NO)
LC control number ENG-96040
020 ## - INTERNATIONAL STANDARD BOOK NUMBER
International Standard Book Number 9780070683600
Terms of availability 425.00
020 ## - INTERNATIONAL STANDARD BOOK NUMBER
International Standard Book Number 0070683603
Terms of availability 425.00
035 ## - SYSTEM CONTROL NUMBER
System control number EN-79573
037 ## - SOURCE OF ACQUISITION
Source of stock number/acquisition DBAD/PUB
040 ## - CATALOGING SOURCE
Original cataloging agency DPL
050 ## - LIBRARY OF CONGRESS CALL NUMBER
DPL Classification number HD66
082 ## - DEWEY DECIMAL CLASSIFICATION NUMBER
Classification number 658.452
Edition number 22
100 ## - MAIN ENTRY--PERSONAL NAME
Personal name Scannell, Mary,
Dates associated with a name 1959-
245 ## - TITLE STATEMENT
Title The big book of team motivating games :
Remainder of title spirit-building, problem-solving, and communication games for every group /
Statement of responsibility, etc Mary Scannell & Edward E. Scannell.
260 ## - PUBLICATION, DISTRIBUTION, ETC. (IMPRINT)
Place of publication, distribution, etc New Delhi
Name of publisher, distributor, etc Tata McGraw-Hill Education
Date of publication, distribution, etc c2010.
270 ## - ADDRESS
Address 7, West Patel Nagar
City New Delhi
Postal code 110008
300 ## - PHYSICAL DESCRIPTION
Extent viii, 215 p. :
Other physical details ill. ;
Dimensions 23 cm. (pbk)
650 ## - SUBJECT ADDED ENTRY--TOPICAL TERM
Topical term or geographic name as entry element Teams in the workplace.
650 ## - SUBJECT ADDED ENTRY--TOPICAL TERM
Topical term or geographic name as entry element Management games.
650 ## - SUBJECT ADDED ENTRY--TOPICAL TERM
Topical term or geographic name as entry element Employee motivation.
700 ## - ADDED ENTRY--PERSONAL NAME
Personal name Scannell, Edward E.
942 ## - ADDED ENTRY ELEMENTS (KOHA)
Source of classification or shelving scheme Dewey Decimal Classification
Item type English Books
Classification part 658.452
Call number suffix SCA
Holdings
Withdrawn status Lost status Source of classification or shelving scheme Materials specified (bound volume or other part) Damaged status Not for loan Collection code Home library Current library Date acquired Source of acquisition Cost, normal purchase price Total Checkouts Full call number Barcode Date last seen Copy number Cost, replacement price Koha item type
    Dewey Decimal Classification Pbk   Not For Loan Non-fiction D.B.Act.Division D.B.Act.Division 15/03/2010 DBAD/PUB 425.00   658.452 SCA EN-79573 15/04/2010 1 425.00 English Books

© Delhi Public Library
Hit Counter
free hit counter